000 004340000a22001810004500
003 MACL
005 20151004145828.0
008 151004b xxu||||| |||| 00| 0 eng d
040 _aMACL
_cMACL
041 _aEnglish
082 _a910/AHM
100 _aAhmed, Iqbal
_913689
245 _aKashmir Heritage Tourism
260 _bGulshan Books
_c2007
_aKashmir
350 _a450
650 _aTravel
_913690
942 _cBK
_k910/AHM
_2ddc
999 _c42629
_d42629